000 00536nam a2200181Ia 4500
008 090124s9999 xx 000 0 und d
082 _b32440
_a3749
100 _aदेव यशवंत.
245 _a कधी बहर कधी शिशिर
250 _a1
260 _c2004
300 _a159
600 _aदेव यशवंत.
630 _a कधी बहर कधी शिशिर
700 _aदेव यशवंत.
730 _a कधी बहर कधी शिशिर
942 _cBOOK
999 _c145919
_d145919